Oil Rents, Corruption, and State Stability : Evidence From Panel Data Regressions.

We examine the effects of oil rents on corruption and state stability exploiting the exogenous within-country variation of a new measure of oil rents for a panel of 31 oil-exporting countries during the period 1992 to 2005. We find that an increase in oil rents significantly increases corruption, si...

Descrizione completa

Dettagli Bibliografici
Ente Autore: International Monetary Fund
Natura: Periodico
Lingua:English
Pubblicazione: Washington, D.C. : International Monetary Fund, 2009.
Serie:IMF Working Papers; Working Paper ; No. 2009/267
Accesso online:Full text available on IMF
LEADER 01952cas a2200241 a 4500
001 AALejournalIMF006166
008 230101c9999 xx r poo 0 0eng d
020 |c 5.00 USD 
020 |z 9781451874129 
022 |a 1018-5941 
040 |a BD-DhAAL  |c BD-DhAAL 
110 2 |a International Monetary Fund. 
245 1 0 |a Oil Rents, Corruption, and State Stability :   |b Evidence From Panel Data Regressions. 
264 1 |a Washington, D.C. :  |b International Monetary Fund,  |c 2009. 
300 |a 1 online resource (28 pages) 
490 1 |a IMF Working Papers 
500 |a <strong>Off-Campus Access:</strong> No User ID or Password Required 
500 |a <strong>On-Campus Access:</strong> No User ID or Password Required 
506 |a Electronic access restricted to authorized BRAC University faculty, staff and students 
520 3 |a We examine the effects of oil rents on corruption and state stability exploiting the exogenous within-country variation of a new measure of oil rents for a panel of 31 oil-exporting countries during the period 1992 to 2005. We find that an increase in oil rents significantly increases corruption, significantly deteriorates political rights while at the same time leading to a significant improvement in civil liberties. We argue that these findings can be explained by the political elite having an incentive to extend civil liberties but reduce political rights in the presence of oil windfalls to evade redistribution and conflict. We support our argument documenting that there is a significant effect of oil rents on corruption in countries with a high share of state participation in oil production while no such link exists in countries where state participation in oil production is low. 
538 |a Mode of access: Internet 
830 0 |a IMF Working Papers; Working Paper ;  |v No. 2009/267 
856 4 0 |z Full text available on IMF  |u http://elibrary.imf.org/view/journals/001/2009/267/001.2009.issue-267-en.xml  |z IMF e-Library